ঢ়
ক্ষ
ড়
ঢ়
য়
র-ফলা‌‌‌
 
 
য-ফলা
ি
 
 
রেফ
 
 
 
যুক্ত করুন/হসন্ত
Space
Enter

Spectroscopy / (Record no. 4743)

000 -LEADER
fixed length control field 00600nam a22002177a 4500
001 - CONTROL NUMBER
control field 20108
003 - CONTROL NUMBER IDENTIFIER
control field BD-DhUAP
005 - DATE AND TIME OF LATEST TRANSACTION
control field 20201212112108.0
008 - FIXED-LENGTH DATA ELEMENTS--GENERAL INFORMATION
fixed length control field 201118s2010 ii a|||| |||| 001 0 eng d
020 ## - INTERNATIONAL STANDARD BOOK NUMBER
International Standard Book Number 9788131517154
020 ## - INTERNATIONAL STANDARD BOOK NUMBER
International Standard Book Number 8131517152
040 ## - CATALOGING SOURCE
Original cataloging agency BD-DhUAP
Language of cataloging Eng
Transcribing agency BD-DhUAP
Modifying agency BD-DhUAP
082 ## - DEWEY DECIMAL CLASSIFICATION NUMBER
Edition number 23
Classification number 543.5 SPE
245 ## - TITLE STATEMENT
Title Spectroscopy /
Statement of responsibility, etc. Gray M. Lampman ...[et al.].
250 ## - EDITION STATEMENT
Edition statement 4th ed.
260 ## - PUBLICATION, DISTRIBUTION, ETC.
Place of publication, distribution, etc. New Delhi :
Name of publisher, distributor, etc. Cengage Learning,
Date of publication, distribution, etc. c2010.
300 ## - PHYSICAL DESCRIPTION
Extent xv, 647 pages :
Other physical details illustrations ;
Dimensions 25 cm.
500 ## - GENERAL NOTE
General note Includes index.
650 ## - SUBJECT ADDED ENTRY--TOPICAL TERM
Topical term or geographic name entry element Spectrum analysis.
942 ## - ADDED ENTRY ELEMENTS (KOHA)
Source of classification or shelving scheme
Koha item type Book
Holdings
Withdrawn status Lost status Source of classification or shelving scheme Damaged status Not for loan Permanent Location Current Location Shelving location Date acquired Total Checkouts Full call number Barcode Date last seen Date last checked out Copy number Price effective from Koha item type Total Renewals
          UAP Central Library UAP Central Library General Stacks 2020-11-18 2 543.5 SPE 3010020108 2022-09-28 2022-09-13 1 2020-11-18 Book  
          UAP Central Library UAP Central Library General Stacks 2020-11-18 3 543.5 SPE 3010020109 2025-09-30 2025-09-18 2 2020-11-18 Book  
          UAP Central Library UAP Central Library General Stacks 2020-11-18 1 543.5 SPE 3010020106 2022-09-28 2022-09-12 3 2020-11-18 Book 1
          UAP Central Library UAP Central Library General Stacks 2020-11-18 1 543.5 SPE 3010020107 2022-09-26 2022-09-12 4 2020-11-18 Book  
          UAP Central Library UAP Central Library General Stacks 2020-11-18 1 543.5 SPE 3010020105 2022-09-27 2022-09-18 5 2020-11-18 Book  

All rights reserved © UAP Central Library,
University of Asia Pacific.